000 00767nam a2200205 i 4500
001 57666
003 ES-MaACL
005 20230906163623.0
007 t|
008 031017s1969 sp ||||1| spa d
100 1 _aDolléans, Edouard.
_945030
245 1 0 _aHistoria del movimiento obrero
_b: 1830-1968 /
_cEdouard Dolléans ; [traducido por Diego Abad de Santillán].
260 _a[Algorta (Vizcaya) :
_bZero ;
_aMadrid :
_bFareso,
_c1969]
300 _a3 v. ;
_c20 cm.
505 8 _aContiene: I. 1830-1871. 365 p. - II. 1871-1920. 341 p. - III. desde 1921 hasta nuestros días
650 0 4 _aMovimiento obrero-
_vHistoria.
_915217
700 1 _aAbad de Santillán, Diego,
_d1897-1983
_917923
852 _aES-MaACL
_jC-55297-9
_bR.71122
999 _c57666
_d57666